[Event "Bundesliga (2nd) North 2000/01"]
[Site "masterchessopen.com Germany"]
[Round "6"]
[White "Zoch Werner Dr (GER)"]
[Black "Mossakowski Florian (GER)"]
[Result "0-1"]
[WhiteElo "2017"]
[BlackElo "2332"]

1.e4 c5 2.Nf3 Nc6 3.d4 cxd4 4.Nxd4 Nf6 5.Nc3 d6 6.Bg5 e6 7.Qd2 Be7 8.O-O-O O-O
9.Ndb5 Qa5 10.Bxf6 Bxf6 11.Qxd6 a6 12.Na3 Bxc3 13.bxc3 Rd8 {#R} 0-1

[Event "Oberliga Northwest 2000/01"]
[Site "masterchessopen.com Germany"]
[Round "9"]
[White "Klaus Andrej (GER)"]
[Black "Nimtz Manfred Dr (GER)"]
[Result "0-1"]
[WhiteElo "2211"]
[BlackElo "2227"]

1.e4 c5 2.Nc3 Nc6 3.Nf3 d6 4.d4 cxd4 5.Nxd4 Nf6 6.Bg5 e6 7.Qd2 Be7 8.O-O-O O-O
9.Nb3 a6 10.f3 b5 11.h4 b4 12.Na4 Qc7 13.g4 Rd8 14.Be3 Rb8 15.Qf2 Nd7 16.f4
Na5 17.Nd2 Nc5 18.Nxc5 dxc5 19.b3 Bb7 20.Rg1 Rbc8 21.g5 Nc6 22.h5 Nd4 23.Bxd4
cxd4 24.Bc4 d3 25.g6 Qa5 26.cxd3 Qxa2 27.Qg2 Bf6 28.Nb1 Qxb3 29.Qc2 Qxc2+
30.Kxc2 Bxe4 {#R} 0-1

[Event "It (open)"]
[Site "masterchessopen.com Hamburg (Germany)"]
[Round "1"]
[White "Putzbach Gerd (GER)"]
[Black "Weithart Michael (GER)"]
[Result "1-0"]
[WhiteElo "2213"]
[BlackElo "1721"]

1.e4 c5 2.Nf3 Nc6 3.d4 cxd4 4.Nxd4 Nf6 5.Nc3 d6 6.Bg5 e6 7.Qd2 Be7 8.Rd1 O-O
9.Be2 Nxd4 10.Qxd4 Qa5 11.Bh4 Bd7 12.O-O Bc6 13.Kh1 a6 14.f4 Rfe8 15.Bf2 e5
16.Qd2 exf4 17.Qxf4 Qe5 18.Bd4 Qxf4 19.Rxf4 b5 20.Bf3 Nd7 21.Nd5 Bxd5 22.exd5
Bg5 23.Re4 Rxe4 24.Bxe4 Re8 25.Bf5 Nf6 26.Bc3 Nh5 27.Bd7 Re2 28.Bg4 {#r} 1-0

[Event "Ch Hungary (team) 2000/01 (3 liga)"]
[Site "masterchessopen.com Hungary"]
[Round "7"]
[White "Kovari Laszlo (HUN)"]
[Black "Kovacs Gabor M (HUN)"]
[Result "0-1"]
[WhiteElo "2076"]
[BlackElo "2300"]

1.e4 c5 2.Nf3 d6 3.d4 cxd4 4.Nxd4 Nc6 5.Nc3 Nf6 6.Bg5 e6 7.Qd2 Be7 8.Rd1 a6
9.Be2 Qc7 10.Nb3 O-O 11.O-O b5 12.Bxf6 gxf6 13.f4 b4 14.Nb1 a5 15.c3 Bb7
16.Bf3 Rfd8 17.Kh1 Qb6 18.Qf2 Qxf2 19.Rxf2 a4 20.Nd4 Nxd4 21.cxd4 d5 22.e5
Rdc8 23.Rdd2 Rc1+ 24.Rd1 Rac8 25.Rd2 fxe5 26.dxe5 Ba6 27.Rxc1 Rxc1+ 28.Rd1 Rc2
29.Rd2 b3 30.a3 Rxd2 31.Nxd2 Bc5 {#R} 0-1

[Event "Tournament"]
[Site "masterchessopen.com Internet"]
[Round "0"]
[White "O'Donnell Tom (CAN)"]
[Black "Tyomkin Dimitri (CAN)"]
[Result "0-1"]
[WhiteElo "2357"]
[BlackElo "2497"]

1.e4 c5 2.Nf3 d6 3.d4 cxd4 4.Nxd4 Nf6 5.Nc3 Nc6 6.Bg5 e6 7.Qd2 Nxd4 8.Qxd4 Be7
9.O-O-O O-O 10.Be2 a6 11.f4 b5 12.Bf3 Rb8 13.Bxf6 gxf6 14.g4 Qb6 15.Qd2 b4
16.Ne2 a5 17.h4 Bb7 18.Rh3 Rfc8 19.Kb1 a4 20.Nc1 Rc4 21.g5 Rbc8 22.gxf6 Bxf6
23.Rg3+ Kf8 24.e5 Bxf3 25.Rxf3 Rxc2 26.Qe1 Qc6 27.Rf1 Be7 28.Nd3 a3 29.Rc1
axb2 30.Nxb2 Rxc1+ 31.Qxc1 Qe4+ {#R} 0-1

[Event "Ch World (juniors) (under 12)"]
[Site "masterchessopen.com Oropesa (Spain)"]
[Round "9"]
[White "Hrzica Rok (SLO)"]
[Black "Baltabayev Nursultan (KAZ)"]
[Result "1-0"]
[WhiteElo "2027"]
[BlackElo "2183"]

1.e4 c5 2.Nf3 d6 3.d4 cxd4 4.Nxd4 Nf6 5.Nc3 Nc6 6.Bg5 e6 7.Qd2 Be7 8.O-O-O
Nxd4 9.Qxd4 O-O 10.f3 Qa5 11.Bd2 Qc5 12.Qd3 Bd7 13.Bf4 e5 14.Bg5 Be6 15.h4
Rac8 16.Kb1 Qa5 17.Bxf6 Bxf6 18.Nd5 Bxd5 19.exd5 Rc5 20.Qe4 Rfc8 21.Bd3 g6
22.h5 Qc7 23.hxg6 hxg6 24.Rh3 b6 25.Rdh1 Bg7 26.Rh7 Qe7 27.Qg4 Qf6 28.Be4 Qf4
29.Qd7 Qf6 30.Qh3 Rf8 31.g4 Qg5 32.Rh8+ {#r} 1-0

[Event "Cup European Club (final)"]
[Site "masterchessopen.com Panormo (Greece)"]
[Round "1"]
[White "Ginzburg Mikhail (BLR)"]
[Black "Tseitlin Mark D (ISR)"]
[Result "0-1"]
[WhiteElo "2312"]
[BlackElo "2493"]

1.e4 c5 2.Nf3 d6 3.d4 cxd4 4.Nxd4 Nf6 5.Nc3 Nc6 6.Bg5 e6 7.Qd2 Be7 8.O-O-O Qb6
9.Be3 Ng4 10.Nxc6 Nxe3 11.Nxe7 Nxd1 12.Nxc8 Qxb2+ 13.Kxd1 Rxc8 14.Ne2 Qxa2
15.Nc1 Qa4 16.Bd3 O-O 17.h4 Qa1 18.Rh3 Rc6 19.Rg3 Rfc8 20.h5 Rc5 21.Rg5 h6
22.Rxc5 dxc5 23.Bc4 Qa4 24.Qd3 a6 25.Bb3 Qa5 26.Qd2 Rd8 27.Nd3 Qa1+ 28.Qc1 Qd4
{#R} 0-1

[Event "It (open)"]
[Site "masterchessopen.com Polanica Zdroj (Poland)"]
[Round "2"]
[White "Stopa Jacek (POL)"]
[Black "Ostrowski Tadeusz (POL)"]
[Result "1-0"]
[WhiteElo "2211"]
[BlackElo "2058"]

1.e4 c5 2.Nf3 Nc6 3.d4 cxd4 4.Nxd4 Nf6 5.Nc3 d6 6.Bg5 e6 7.Qd2 Be7 8.O-O-O
Nxd4 9.Qxd4 Qa5 10.Bb5+ Kf8 11.f4 a6 12.e5 Nd5 13.Bxe7+ Nxe7 14.Qxd6 g6 15.Be2
b5 16.Bf3 Ra7 17.Qd8+ Qxd8 18.Rxd8+ Kg7 19.Rxh8 Kxh8 20.Rd1 Kg7 {#r} 1-0

[Event "Extra League 2001/02"]
[Site "masterchessopen.com Slovakia"]
[Round "5"]
[White "Janko Ladislav (SVK)"]
[Black "Lanc Alois (SVK)"]
[Result "0-1"]
[WhiteElo "2129"]
[BlackElo "2373"]

1.e4 c5 2.Nf3 Nc6 3.d4 cxd4 4.Nxd4 Nf6 5.Nc3 d6 6.Bg5 e6 7.Qd2 h6 8.Bh4 Nxe4
9.Qf4 Nf6 10.Bb5 Bd7 11.Ne4 Nxd4 12.Bxd7+ Qxd7 13.Nxf6+ gxf6 14.Qxd4 Rg8
15.Bxf6 Rxg2 16.O-O-O Qc6 17.Rhe1 Rc8 18.Rd2 Rxh2 19.Qg4 Rh1 20.Rxh1 Qxh1+
21.Rd1 Qc6 22.c3 a6 23.Qg8 Qc5 24.Re1 Qf5 25.Bd4 Kd7 26.Qg2 Qg5+ 27.Qxg5 hxg5
28.Rh1 e5 29.Be3 Be7 {#R} 0-1

[Event "It (open)"]
[Site "masterchessopen.com Tenerife (Spain)"]
[Round "1"]
[White "Fernandez Garcia Jose Luis (ESP)"]
[Black "Gonzalez Moreno Juan Carlos (ESP)"]
[Result "1-0"]
[WhiteElo "2446"]
[BlackElo "1727"]

1.e4 c5 2.Nc3 Nc6 3.Nf3 d6 4.d4 cxd4 5.Nxd4 Nf6 6.Bg5 e6 7.Qd2 Be7 8.O-O-O d5
9.exd5 Nxd5 10.Nxc6 bxc6 11.Ne4 O-O 12.c4 f6 13.Bh4 Nb4 14.a3 Qxd2+ 15.Rxd2
Na6 16.f4 Nc5 17.Nxc5 Bxc5 18.Bf2 Bxf2 19.Rxf2 Bd7 20.c5 Rac8 21.Bc4 Kh8
22.Rd2 Rc7 23.Rhd1 Bc8 24.Rd8 Kg8 25.Rxc8 Rcxc8 26.Bxe6+ Kh8 27.Bxc8 Rxc8
28.Rd7 a6 29.Ra7 a5 30.Rxa5 Kg8 31.Ra7 {#r} 1-0

[Event "Ch Azerbaijan"]
[Site "masterchessopen.com Baku (Azerbaijan)"]
[Round "5"]
[White "Guliev Logman (AZE)"]
[Black "Guseinov Gadir (AZE)"]
[Result "0-1"]
[WhiteElo "2386"]
[BlackElo "2505"]

1.e4 c5 2.Nf3 Nc6 3.d4 cxd4 4.Nxd4 Nf6 5.Nc3 d6 6.Bg5 e6 7.Qd2 Be7 8.O-O-O O-O
9.Nb3 Qb6 10.f3 Rd8 11.Nb5 Rd7 12.Be3 Qd8 13.N5d4 a5 14.a4 e5 15.Nf5 d5 16.Qf2
Bf8 17.Bb6 Qe8 18.Nc5 d4 19.Bc4 Rd6 20.Bc7 Bxf5 21.exf5 Rd5 22.Ne4 Nxe4
23.fxe4 Rc5 24.Bb5 Rc8 25.Bb6 Rxb5 26.axb5 Nb4 27.Qf1 Rxc2+ 28.Kb1 Qc8 29.Rc1
d3 30.Bxa5 {#R} 0-1

[Event "Match Olympiad Hopes"]
[Site "masterchessopen.com Belgrade (Yugoslavia)"]
[Round "3"]
[White "Perunovic Milos (SRB)"]
[Black "Damljanovic Branko (SRB)"]
[Result "1-0"]
[WhiteElo "2488"]
[BlackElo "2587"]

1.e4 c5 2.Nf3 Nc6 3.d4 cxd4 4.Nxd4 Nf6 5.Nc3 d6 6.Bg5 e6 7.Qd2 Be7 8.O-O-O O-O
9.Nb3 a6 10.Bxf6 Bxf6 11.Qxd6 Qb6 12.Qc5 Qc7 13.Kb1 Be7 14.Qe3 b5 15.f4 b4
16.Na4 Rb8 17.e5 Rd8 18.Bd3 Na5 19.h4 Nxb3 20.axb3 Bb7 21.h5 Bc6 22.f5 exf5
23.e6 Bxa4 24.exf7+ Kf8 25.bxa4 b3 26.c3 Qa5 27.h6 g6 28.Rhe1 Rd7 29.Qf4 {#r}
1-0

[Event "It"]
[Site "masterchessopen.com Datteln (Germany)"]
[Round "0"]
[White "Koscielski Janus Darius (GER)"]
[Black "Inkiov Ventzislav (BUL)"]
[Result "1-0"]
[WhiteElo "2258"]
[BlackElo "2465"]

1.e4 c5 2.Nf3 d6 3.d4 cxd4 4.Nxd4 Nf6 5.Nc3 Nc6 6.Bg5 e6 7.Qd2 Be7 8.O-O-O O-O
9.f3 Nxd4 10.Qxd4 a6 11.h4 h6 12.Be3 Nd7 13.Kb1 b5 14.g4 Qa5 15.Qd2 b4 16.Ne2
Ne5 17.Nd4 Bb7 18.Bxh6 gxh6 19.Qxh6 Rfc8 20.Nf5 exf5 21.gxf5 Nxf3 22.Bc4 Qc5
23.Qg6+ Kh8 24.Qh5+ Kg7 25.Qxf7+ Kh8 26.Qh5+ Kg7 27.Qg6+ {#r} 1-0

[Event "Bundesliga (2nd) South 2001/02"]
[Site "masterchessopen.com Germany"]
[Round "4"]
[White "Svidler Peter (RUS)"]
[Black "Gheng Josef (GER)"]
[Result "1-0"]
[WhiteElo "2693"]
[BlackElo "2314"]

1.e4 c5 2.Nf3 d6 3.d4 cxd4 4.Nxd4 Nf6 5.Nc3 Nc6 6.Bg5 e6 7.Qd2 Be7 8.O-O-O
Nxd4 9.Qxd4 a6 10.f4 Bd7 11.e5 dxe5 12.fxe5 Nd5 13.Bxe7 Qxe7 14.Ne4 b5 15.Nd6+
Kf8 16.h4 Be8 17.Rh3 h5 18.c4 bxc4 19.Bxc4 Qa7 20.Qd2 Qc5 21.Kb1 Nb6 22.Bb3
Rh6 23.Rc1 Qxe5 24.Qb4 Nd5 25.Bxd5 Qxd5 26.Nc8+ {#r} 1-0

[Event "It (open)"]
[Site "masterchessopen.com Le Touquet (France)"]
[Round "4"]
[White "Swiercz Kevin (FRA)"]
[Black "Bernard Christophe (FRA)"]
[Result "0-1"]
[WhiteElo "2025"]
[BlackElo "1694"]

1.e4 c5 2.Nf3 d6 3.d4 cxd4 4.Nxd4 Nf6 5.Nc3 Nc6 6.Bg5 e6 7.Qd2 Be7 8.O-O-O O-O
9.Ndb5 d5 10.Bxf6 Bxf6 11.exd5 exd5 12.Nxd5 Be5 13.f4 Bb8 14.Qf2 Qa5 15.a3 a6
16.Nbc3 Ba7 17.Qg3 Be6 18.Bc4 Kh8 19.Rhf1 Nd4 20.Qh4 Rac8 21.Bd3 f5 22.Ne7
Rxc3 23.bxc3 Qxc3 24.Kb1 Nb3 25.cxb3 Qxb3+ 26.Kc1 Be3+ {#R} 0-1

[Event "It (open)"]
[Site "masterchessopen.com Leuven (Belgium)"]
[Round "3"]
[White "Krukowski Meir (BEL)"]
[Black "Knoppert Erik G J (NED)"]
[Result "0-1"]
[WhiteElo "1962"]
[BlackElo "2322"]

1.e4 c5 2.Nf3 d6 3.d4 cxd4 4.Nxd4 Nf6 5.Nc3 Nc6 6.Bg5 e6 7.Qd2 Be7 8.O-O-O
Nxd4 9.Qxd4 O-O 10.e5 dxe5 11.Qxe5 Nd7 12.Bxe7 Qxe7 13.Qg3 Nf6 14.Be2 Bd7
15.Bf3 Rab8 16.Rd6 Rfc8 17.Rhd1 Be8 18.Qe5 Qc7 19.Qd4 b5 20.Rd2 b4 21.Ne4 Nd5
22.Ra6 Rd8 23.Rxa7 Qxh2 24.Nc5 Nc3 25.Qxd8 Rxd8 26.Rxd8 Qf4+ 27.Rd2 Nb1 28.Nb3
Nxd2 29.Nxd2 f5 30.Re7 Bf7 31.Ra7 g5 32.Ra8+ Kg7 33.Ra7 Kf6 {#R} 0-1

[Event "It (open)"]
[Site "masterchessopen.com Linares (Spain)"]
[Round "4"]
[White "Cheparinov Ivan (BUL)"]
[Black "Kotronias Vasilios (GRE)"]
[Result "0-1"]
[WhiteElo "2478"]
[BlackElo "2573"]

1.e4 c5 2.Nf3 Nc6 3.d4 cxd4 4.Nxd4 Nf6 5.Nc3 d6 6.Bg5 e6 7.Qd2 Be7 8.O-O-O O-O
9.Nb3 Qb6 10.f3 Rd8 11.Nb5 Rd7 12.Qe1 a6 13.N5d4 Qc7 14.Kb1 b5 15.Nxc6 Qxc6
16.g4 e5 17.Bc1 Rc7 18.Bd3 Be6 19.h4 a5 20.Nxa5 Bxa2+ 21.Kxa2 b4 22.Qxb4 Rca7
23.Kb1 Rxa5 24.c4 Nd7 25.Be3 Bd8 26.Kc2 Rb8 27.Qc3 Ra2 28.Rb1 Ba5 {#R} 0-1

[Event "It (open)"]
[Site "masterchessopen.com Ljubljana (Slovenia)"]
[Round "6"]
[White "Kutuzovic Branko (CRO)"]
[Black "Licina Anita (SLO)"]
[Result "1-0"]
[WhiteElo "2389"]
[BlackElo "2128"]

1.e4 c5 2.Nf3 Nc6 3.d4 cxd4 4.Nxd4 Nf6 5.Nc3 d6 6.Bg5 e6 7.Qd2 Be7 8.O-O-O O-O
9.Nb3 Qb6 10.f3 Rd8 11.Nb5 Rd7 12.Qe1 Qd8 13.h4 a6 14.N5d4 Rc7 15.Kb1 Nxd4
16.Nxd4 b5 17.Bd2 Qe8 18.g4 Nd7 19.g5 Nc5 20.h5 Bd7 21.Bc1 Qc8 22.Bh3 a5 23.e5
d5 24.g6 fxg6 25.hxg6 h6 26.Qg3 Qd8 27.Rdg1 a4 28.Bf1 a3 29.b3 Na4 30.Bxh6
Nc3+ 31.Ka1 gxh6 32.Rxh6 Bf6 33.g7 {#r} 1-0

[Event "Ch Argentina"]
[Site "masterchessopen.com Pinamar (Argentina)"]
[Round "13"]
[White "Rosito Jorge (ARG)"]
[Black "Zarnicki Pablo (ARG)"]
[Result "0-1"]
[WhiteElo "2410"]
[BlackElo "2536"]

1.e4 c5 2.Nf3 d6 3.d4 cxd4 4.Nxd4 Nf6 5.Nc3 Nc6 6.Bg5 e6 7.Qd2 Be7 8.O-O-O
Nxd4 9.Qxd4 O-O 10.e5 dxe5 11.Qxe5 Bd7 12.Be2 Rc8 13.Be3 Bb4 14.Bd4 Bc6 15.a3
Bd6 16.Qg5 Qc7 17.Qh4 e5 18.Be3 Bxa3 19.bxa3 Bxg2 20.Bd2 Bxh1 21.Rxh1 Rfd8
22.Bd3 Rxd3 23.cxd3 Nd5 24.Qc4 Qd7 25.Qb3 Nxc3 26.Bxc3 Qc6 {#R} 0-1

[Event "It (open) \"]
[Site "masterchessopen.com St. Petersburg (Russia)"]
[Round "8"]
[White "Khismatullin Denis (RUS)"]
[Black "Kryschilovskij Andrej (RUS)"]
[Result "1-0"]
[WhiteElo "2431"]
[BlackElo "2384"]

1.e4 c5 2.Nf3 d6 3.d4 cxd4 4.Nxd4 Nf6 5.Nc3 Nc6 6.Bg5 e6 7.Qd2 h6 8.Bxf6 gxf6
9.O-O-O a6 10.f4 Qb6 11.Nde2 h5 12.h4 Qf2 13.Rh3 Bd7 14.e5 f5 15.exd6 Rd8
16.Re3 Bc8 17.Rf3 Qxh4 18.Rd3 Bd7 19.Qe3 Bg7 20.Nd5 Kf8 21.g3 Qh1 22.Qf2 h4
23.Bg2 hxg3 24.Rxg3 Qh4 25.Rh1 Qxh1+ 26.Bxh1 Rxh1+ 27.Kd2 {#r} 1-0

[Event "It (open)"]
[Site "masterchessopen.com Trier (Germany)"]
[Round "3"]
[White "Jacobs Joachim Dr (GER)"]
[Black "Prizker Boris (GER)"]
[Result "0-1"]
[WhiteElo "2174"]
[BlackElo "2212"]

1.e4 c5 2.Nf3 d6 3.d4 cxd4 4.Nxd4 Nf6 5.Nc3 Nc6 6.Bg5 e6 7.Qd2 Be7 8.O-O-O O-O
9.Be2 Nxd4 10.Qxd4 Qa5 11.Bd2 Qc7 12.Rhe1 a6 13.f4 b5 14.e5 dxe5 15.fxe5 Nd5
16.Nxd5 exd5 17.Bd3 Be6 18.Bb4 Rfc8 19.Bxe7 Qxe7 20.Kb1 b4 21.g4 a5 22.Rg1 Qc5
23.Qf4 a4 24.Rg3 d4 25.Bf5 b3 26.cxb3 axb3 27.Be4 Rxa2 {#R} 0-1

[Event "It (open)"]
[Site "masterchessopen.com Nyiregyhaza (Hungary)"]
[Date "2002.07.03"]
[Round "5"]
[White "Bogi Kornel (HUN)"]
[Black "Nagy Jozsef (HUN)"]
[Result "1-0"]
[WhiteElo "1931"]
[BlackElo "1902"]

1.e4 c5 2.Nf3 Nc6 3.d4 cxd4 4.Nxd4 d6 5.Nc3 Nf6 6.Bg5 e6 7.Qd2 Be7 8.O-O-O d5
9.Bb5 Bd7 10.exd5 Nxd4 11.Qxd4 Bxb5 12.Nxb5 Nxd5 13.Bxe7 Kxe7 14.Qxg7 a6
15.Nc3 Qa5 16.Nxd5+ exd5 17.Qe5+ {#r} 1-0

[Event "Ch Schleswig Holstein (VM) (cand)"]
[Site "masterchessopen.com Ratzeburg (Germany)"]
[Round "4"]
[White "Zimmat Thorben (GER)"]
[Black "Schwarz Oliver (GER)"]
[Result "0-1"]
[WhiteElo "2034"]
[BlackElo "2128"]

1.e4 c5 2.Nf3 d6 3.d4 cxd4 4.Nxd4 Nf6 5.Nc3 Nc6 6.Bg5 e6 7.Qd2 Be7 8.f4 a6
9.Be2 Qc7 10.Bf3 Bd7 11.O-O-O Rd8 12.f5 O-O 13.Nde2 Ne5 14.Bxf6 Bxf6 15.fxe6
Bxe6 16.Nd5 Bxd5 17.Qxd5 Nc4 18.Rd3 Bxb2+ 19.Kb1 Be5 20.Bg4 a5 21.Rf1 a4
22.Qb5 d5 23.Qxa4 dxe4 24.Rxd8 Rxd8 25.c3 Nd2+ 26.Kc2 Nxf1 {#R} 0-1

[Event "It (open)"]
[Site "masterchessopen.com Nantes (France)"]
[Date "2002.12.30"]
[Round "5"]
[White "Boudre Jean-Pierre (FRA)"]
[Black "Inkiov Ventzislav (BUL)"]
[Result "0-1"]
[WhiteElo "2414"]
[BlackElo "2465"]

1.e4 c5 2.Nf3 d6 3.d4 cxd4 4.Nxd4 Nf6 5.Nc3 Nc6 6.Bg5 e6 7.Qd2 Be7 8.O-O-O O-O
9.Kb1 h6 10.Bh4 Nxe4 11.Nxe4 Bxh4 12.Nxc6 bxc6 13.Qxd6 Qb6 14.Bc4 Rb8 15.b3
Rb7 16.Qf4 Be7 17.Rd3 Rd7 18.Rxd7 Bxd7 19.Rd1 Bc8 20.g4 Qa5 21.Qe3 Ba3 22.c3
Be7 23.f3 Kh8 24.Rd3 Qc7 25.Qd2 Qe5 26.Kb2 a5 {#R} 0-1

[Event "It (open)"]
[Site "masterchessopen.com Nantes (France)"]
[Date "2002.12.30"]
[Round "7"]
[White "Bratanov Zsivko (BUL)"]
[Black "Berthelot Yannick (FRA)"]
[Result "1-0"]
[WhiteElo "2393"]
[BlackElo "2311"]

1.e4 c5 2.Nf3 Nc6 3.d4 cxd4 4.Nxd4 Nf6 5.Nc3 d6 6.Bg5 e6 7.Qd2 Qb6 8.O-O-O
Qxd4 9.Qxd4 Nxd4 10.Rxd4 a6 11.Be2 Bd7 12.a4 Rc8 13.Rhd1 Be7 14.Bh4 Bc6 15.b4
d5 16.e5 Ng8 17.b5 axb5 18.axb5 Bd7 19.Ne4 Ba3+ 20.Kb1 Ne7 21.Ra4 dxe4 22.Rxa3
Nd5 23.c4 Nf4 24.Bf1 Ng6 25.Bg3 Rc5 26.Rd4 Ke7 27.Rxe4 Rhc8 28.Rb3 Rd8 29.f4
Bxb5 30.Be2 Rdc8 {#r} 1-0

[Event "It (open)"]
[Site "masterchessopen.com Bad Wildbad (Germany)"]
[Round "8"]
[White "Solodovnichenko Yuri (UKR)"]
[Black "Van Der Heijden Anton (NED)"]
[Result "1-0"]
[WhiteElo "2516"]
[BlackElo "2239"]

1.e4 c5 2.Nf3 d6 3.d4 cxd4 4.Nxd4 Nf6 5.Nc3 Nc6 6.Bg5 e6 7.Qd2 Be7 8.O-O-O O-O
9.f3 Nxd4 10.Qxd4 a6 11.Bd3 h6 12.Bh4 e5 13.Qg1 Be6 14.Bxf6 Bxf6 15.Be2 Qa5
16.Kb1 Rac8 17.Nd5 Rc5 18.b4 Qa4 19.Nxf6+ gxf6 20.bxc5 Qa3 21.Rd5 {#r} 1-0

[Event "It (cat.1)"]
[Site "masterchessopen.com Budapest (Hungary)"]
[Round "10"]
[White "Boros Denes (HUN)"]
[Black "Pg Mohd Omar Ak Hirawan (BRU)"]
[Result "1-0"]
[WhiteElo "2414"]
[BlackElo "2217"]

1.e4 c5 2.Nf3 Nc6 3.d4 cxd4 4.Nxd4 Nf6 5.Nc3 d6 6.Bg5 e6 7.Qd2 Be7 8.O-O-O O-O
9.f3 Qa5 10.Kb1 a6 11.Nxc6 bxc6 12.Nd5 Qd8 13.Nxe7+ Qxe7 14.Qxd6 Qb7 15.Qg3
Ne8 16.h4 f6 17.Bc1 Nc7 18.Bc4 Nb5 19.Rd3 c5 20.Rhd1 Nd4 21.Qd6 Qb4 22.Rxd4
{#r} 1-0

[Event "It (cat.7)"]
[Site "masterchessopen.com Budapest (Hungary)"]
[Round "10"]
[White "Shahade Jennifer (USA)"]
[Black "Gerzhoy Leonid (CAN)"]
[Result "0-1"]
[WhiteElo "2361"]
[BlackElo "2372"]

1.e4 c5 2.Nf3 Nc6 3.d4 cxd4 4.Nxd4 Nf6 5.Nc3 d6 6.Bg5 e6 7.Qd2 Be7 8.O-O-O
Nxd4 9.Qxd4 O-O 10.f3 a6 11.h4 b5 12.Kb1 Qc7 13.Bxf6 gxf6 14.Qd2 Kh8 15.Bd3
Rg8 16.g4 b4 17.Ne2 a5 18.g5 Qc5 19.f4 a4 20.Ng3 Bb7 21.Nh5 a3 22.Rhe1 axb2
23.Bf1 Rgc8 24.Kxb2 Qc3+ 25.Qxc3 bxc3+ 26.Kb3 fxg5 27.hxg5 Rab8 28.Rd4 Bxe4+
29.Rb4 Bxc2+ {#R} 0-1

[Event "Ch India"]
[Site "masterchessopen.com Calicut (India)"]
[Round "22"]
[White "Ganguly Surya Shekhar (IND)"]
[Black "Das Arghyadip (IND)"]
[Result "1-0"]
[WhiteElo "2559"]
[BlackElo "2353"]

1.e4 c5 2.Nf3 d6 3.d4 cxd4 4.Nxd4 Nf6 5.Nc3 Nc6 6.Bg5 e6 7.Qd2 Be7 8.O-O-O O-O
9.Nb3 Qb6 10.f3 Rd8 11.Nb5 Rd7 12.Qe1 Qd8 13.Kb1 a6 14.N5d4 Qc7 15.h4 Nxd4
16.Nxd4 b5 17.g4 Bb7 18.Bd3 Re8 19.Bd2 Bd8 20.Qe2 g6 21.Bh6 e5 22.Nf5 gxf5
23.gxf5 Kh8 24.Rdg1 Rg8 25.Rg5 Be7 26.Qg2 Qb8 27.Rg1 {#r} 1-0

[Event "Olympiad (under 16)"]
[Site "masterchessopen.com Denizli (Turkey)"]
[Round "8"]
[White "Boros Denes (HUN)"]
[Black "Ishmukhametov Ahmet (KAZ)"]
[Result "1-0"]
[WhiteElo "2414"]
[BlackElo "2105"]

1.e4 c5 2.Nf3 d6 3.d4 cxd4 4.Nxd4 Nf6 5.Nc3 Nc6 6.Bg5 e6 7.Qd2 Be7 8.O-O-O O-O
9.f3 a6 10.h4 Nxd4 11.Qxd4 Qa5 12.Kb1 Rd8 13.Qd2 Qc7 14.Bd3 b5 15.Ne2 e5 16.g4
Be6 17.Nc3 b4 18.Nd5 Nxd5 19.exd5 Bxd5 20.Bxh7+ Kxh7 21.Qxd5 Kg8 22.f4 exf4
23.Rde1 Bxg5 24.hxg5 Qc5 25.Qe4 g6 26.Qxf4 f5 27.gxf6 g5 28.Qe4 Qc7 {#r} 1-0

[Event "Ch Finland (team) 2002/03"]
[Site "masterchessopen.com Finland"]
[Round "7"]
[White "Franssila Tommi (FIN)"]
[Black "Nieminen Kari (FIN)"]
[Result "1-0"]
[WhiteElo "2265"]
[BlackElo "2180"]

1.e4 c5 2.Nf3 d6 3.d4 cxd4 4.Nxd4 Nf6 5.Nc3 Nc6 6.Bg5 e6 7.Qd2 Be7 8.O-O-O O-O
9.Nb3 Qb6 10.f3 Rd8 11.Be3 Qc7 12.Qf2 Nd7 13.g4 a6 14.g5 b5 15.f4 Rb8 16.h4
Nb6 17.h5 Na4 18.f5 Nxc3 19.bxc3 Ne5 20.f6 Bf8 21.g6 Ng4 22.gxh7+ Kxh7 23.Qg3
Nxe3 24.Qxe3 gxf6 25.h6 Bb7 26.Bd3 Be7 27.Rdg1 Rg8 28.Rg7+ Kh8 29.Rhg1 Qxc3
30.Qg3 Qc8 31.h7 {#r} 1-0

[Event "Ch World (juniors) (under 14) (g)"]
[Site "masterchessopen.com Halkidiki (Greece)"]
[Round "10"]
[White "Pelletier Katherine (USA)"]
[Black "An Zhixiao (CHN)"]
[Result "1-0"]
[WhiteElo "2096"]
[BlackElo "2144"]

1.e4 c5 2.Nf3 d6 3.d4 cxd4 4.Nxd4 Nf6 5.Nc3 Nc6 6.Bg5 e6 7.Qd2 Be7 8.O-O-O
Nxd4 9.Qxd4 O-O 10.f3 a6 11.h4 b5 12.Kb1 Qa5 13.Qd2 b4 14.Ne2 e5 15.Nc1 Be6
16.g4 Rfc8 17.Bd3 Qb6 18.Be3 Qb7 19.h5 Nd7 20.g5 Nc5 21.g6 fxg6 22.hxg6 hxg6
23.Rdg1 Bf7 24.Qh2 Be6 25.Qh7+ Kf8 26.Bxc5 Rxc5 27.Rxg6 Bc8 28.Qh8+ Kf7
29.Rxg7+ Ke6 30.Qh3+ {#r} 1-0

[Event "It (open)"]
[Site "masterchessopen.com Herne (Germany)"]
[Round "6"]
[White "Koscielski Janus Darius (GER)"]
[Black "Henrich Thomas (GER)"]
[Result "0-1"]
[WhiteElo "2358"]
[BlackElo "2121"]

1.e4 c5 2.Nf3 Nc6 3.d4 cxd4 4.Nxd4 Nf6 5.Nc3 d6 6.Bg5 e6 7.Qd2 Be7 8.O-O-O
Nxd4 9.Qxd4 O-O 10.f3 a6 11.g4 b5 12.a3 Qc7 13.h4 Bb7 14.h5 h6 15.Bh4 d5 16.e5
Bc5 17.Qd2 Nd7 18.g5 hxg5 19.Bxg5 Qxe5 20.Bf4 Qf6 21.Bg5 Qxf3 22.Rh3 Qf2
23.Ne2 Rac8 24.Rg3 f6 25.Bh4 Qh2 26.Qf4 Kh8 27.Qg4 Rf7 28.Bg2 Ne5 29.Qf4 Bd6
30.Bxf6 Nd3+ 31.Rdxd3 Bxf4+ 32.Nxf4 Rxf6 33.Ng6+ Kh7 {#R} 0-1

[Event "It (open)"]
[Site "masterchessopen.com Linares (Spain)"]
[Round "2"]
[White "Korneev Oleg (RUS)"]
[Black "Alonso Salvador (ARG)"]
[Result "1-0"]
[WhiteElo "2583"]
[BlackElo "2467"]

1.e4 c5 2.Nf3 Nc6 3.d4 cxd4 4.Nxd4 Nf6 5.Nc3 d6 6.Bg5 e6 7.Qd2 Be7 8.O-O-O
Nxd4 9.Qxd4 O-O 10.f3 a6 11.h4 Qc7 12.Kb1 b5 13.Bd3 Rb8 14.h5 h6 15.Bh4 b4
16.Ne2 e5 17.Qe3 Be6 18.g4 Nh7 19.Bxe7 Qxe7 20.Ng3 a5 21.Nf5 Qc7 22.Be2 a4
23.Rd2 Rb6 24.Rc1 Rfb8 25.c4 bxc3 26.Qxc3 Qa7 27.Nxd6 a3 28.b3 Bxb3 29.Nc8
Be6+ 30.Nxb6 Qxb6+ 31.Ka1 Qa7 32.Qc7 Rc8 33.Rd8+ {#r} 1-0

[Event "Memorial Narciso Yepes (open)"]
[Site "masterchessopen.com Lorca (Spain)"]
[Round "8"]
[White "Fernandez Romero Ernesto (ESP)"]
[Black "Moreno Tejera Emilio (ESP)"]
[Result "1-0"]
[WhiteElo "2471"]
[BlackElo "2275"]

1.e4 c5 2.Nf3 Nc6 3.d4 cxd4 4.Nxd4 Nf6 5.Nc3 d6 6.Bg5 e6 7.Qd2 Be7 8.O-O-O O-O
9.f3 a6 10.h4 d5 11.exd5 Nxd5 12.Nxd5 exd5 13.Bxe7 Qxe7 14.h5 Qf6 15.h6 g6
16.Nxc6 bxc6 17.Qd4 Qxd4 18.Rxd4 Be6 19.Ra4 a5 20.c4 Rfd8 21.c5 d4 22.Rh4 d3
23.Kd2 Rab8 24.b3 Rb5 25.Rhd4 Rxd4 26.Rxd4 Bd5 27.Bxd3 Rxc5 28.a3 {#r} 1-0